Economic Analysis and Canadian Policy (Record no. 33734)

MARC details
000 -LEADER
fixed length control field 00464nam a22001937a 4500
005 - DATE AND TIME OF LATEST TRANSACTION
control field 20231002141320.0
008 - FIXED-LENGTH DATA ELEMENTS--GENERAL INFORMATION
fixed length control field 230927b |||||||| |||| 00| 0 eng d
020 ## - INTERNATIONAL STANDARD BOOK NUMBER
ISBN 9780409805970
082 ## - DEWEY DECIMAL CLASSIFICATION NUMBER
Classification number 330
Item number STA-E
100 ## - MAIN ENTRY--AUTHOR
Author Name Stager;David
245 ## - TITLE STATEMENT
Title Economic Analysis and Canadian Policy
250 ## - EDITION STATEMENT
Edition statement 6th.ed
260 ## - PUBLICATION, DISTRIBUTION, ETC.
Place of Publication USA
Name of publisher, distributor, etc. Butterworths
Date of publication, distribution, etc. 1988
300 ## - PHYSICAL DESCRIPTION
Pages 248
500 ## - GENERAL NOTE
General note Include Index
650 ## - SUBJECT ADDED ENTRY--TOPICAL TERM
Subject / Department Economics
700 ## - ADDED ENTRY--PERSONAL NAME
Personal name David Stager

No items available.

Powered by Koha